| 000 | 00717na a2200229 4500 | ||
|---|---|---|---|
| 001 | 19862 | ||
| 003 | MIRAKIL | ||
| 005 | 20181213155040.0 | ||
| 008 | 161228b tu 000 0 | ||
| 040 |
_aMilas _btur _cTR-AnCHP |
||
| 041 | _atur | ||
| 082 |
_a324.2372 _bP57b 2001 |
||
| 090 | _a324.2372 P57b 2001 | ||
| 100 | _aPişkinsüt, Sema | ||
| 245 |
_aBaşbakan ve DSP genel başkanı Sayın Bülent Ecevit'e sunulan rapor _b27 Temmuz 2001 _cSema Pişkinsüt |
||
| 260 |
_a[Ankara] _b[yayl.y.] _c2001 |
||
| 300 |
_a14 s. _c20 sm. |
||
| 610 |
_aDemokratik Sol Parti (DSP) _xParti programları |
||
| 650 |
_aMilletvekilleri _xParti programları |
||
| 650 |
_aHükümet programları _xRaporlar |
||
| 942 |
_2dcc _cBKS |
||
| 999 |
_c5551 _d5551 |
||